[Event "HCL-C4207"]
[Site "www.playchess.de"]
[Date "2006.03.15"]
[Round "10"]
[White "udion"]
[Black "Sioux421"]
[WhiteElo "800"]
[BlackElo "800"]
[PlyCount "102"]
[Result "0-1"]

1.Nf3 {good luck !}  d5 2.Nc3 e6 3.d3 g6 4.g3 Bg7 
5.Bf4 Nf6 6.a4 O-O 7.Nb5 Na6 8.Ng5 Qe7 9.Bh3 e5 
10.Qd2 exf4 11.Qxf4 h6 12.Bxc8 hxg5 13.Qxg5 Rfxc8 
14.O-O c6 15.Nd4 Nc5 16.Qh4 Ne6 17.Nf3 Rce8 18.a5 
Nh5 19.Ra4 Qxh4 20.gxh4 Nef4 21.e3 Ne6 22.b3 f6 
23.Rg4 Kf7 24.Re1 f5 25.Rg2 Bc3 26.Re2 Bxa5 27.d4 
Reg8 28.Ne5+ Kg7 29.Nxg6 Kf7 30.Ne5+ Kf8 31.f4 
Rxg2+ 32.Rxg2 Bd8 33.Rg6 Nhg7 34.h5 Bc7 35.Nd7+ 
Ke7 36.Nf6 Kf7 37.Rh6 a5 38.Nh7 a4 39.Ng5+ Nxg5 
40.fxg5 a3 41.Rf6+ Kg8 42.h6 Kh7 43.Rf7 a2 
44.Rxg7+ Kh8 45.Rxc7 a1Q+ 46.Kf2 Rg8 47.h4 Qh1 
48.h7 Rg7 49.Rxg7 Kxg7 50.g6 Qxh4+ 51.Kf3 
Kxg6 0-1

[Event "HCL-C4100"]
[Site "www.playchess.de"]
[Date "2006.03.15"]
[Round "3"]
[White "robertomc"]
[Black "thor"]
[WhiteElo "800"]
[BlackElo "1025"]
[PlyCount "36"]
[Result "0-1"]

1.e4 e6 2.Nc3 Bb4 3.Nf3 Bxc3 4.dxc3 d5 5.e5 c5 
6.Bb5+ Bd7 7.Bxd7+ Nxd7 8.a4 Ne7 9.Rf1 O-O 10.Ra2 
Ng6 11.h4 Ngxe5 12.Nxe5 Nxe5 13.h5 h6 14.Bf4 Nd7 
15.b4 Re8 16.a5 Rc8 17.a6 bxa6 18.Rxa6 
Ra8 0-1

[Event "HCL-B3853"]
[Site "www.playchess.de"]
[Date "2006.03.15"]
[Round "34"]
[White "Regicide"]
[Black "MrM"]
[WhiteElo "937"]
[BlackElo "1199"]
[PlyCount "40"]
[Result "0-1"]

1.d4 Nf6 2.d5 d6 3.c4 g6 4.Nc3 a6 5.Qa4+ Bd7 6.Qd1 
Bg7 7.e4 O-O 8.Bd3 c6 9.Nf3 Bg4 10.h3 Bxf3 11.Qxf3 
Nbd7 12.Bg5 Ne5 13.Qe2 Qb6 14.Na4 Qb4+ 15.Nc3 Qxb2 
16.Qd1 Nxd3+ 17.Kf1 Qxc3 18.Bd2 Qxc4 19.Kg1 Nxe4 
20.Be3 Bxa1 0-1

[Event "HCL-B3798"]
[Site "www.playchess.de"]
[Date "2006.03.15"]
[Round "10"]
[White "Kannsnich"]
[Black "Funky"]
[WhiteElo "1163"]
[BlackElo "1500"]
[PlyCount "113"]
[Result "1-0"]

1.c4 {hi}  Nf6 2.Nc3 g6 3.Nf3 Bg7 4.g3 c6 5.e4 d6 
6.Bg2 O-O 7.O-O Bg4 8.d4 Qc8 9.b3 Bh3 10.Bb2 Qg4 
11.Re1 Bxg2 12.Kxg2 Nh5 13.Ne2 Qd7 14.Rb1 f5 15.e5 
Na6 16.Ng5 Nc7 17.f4 h6 18.Nf3 d5 19.c5 Ne6 20.Qc2 
Kh7 21.Ref1 Rfg8 22.Nh4 Bh8 23.Nxf5 Nxc5 24.Nh4 
{schade ich hatte gedacht und gehofft,daß du auf 
den kleinen trick reinfällst}  Ne4 25.Qd3 Raf8 
26.Bc1 Qe6 27.Nc3 Nxc3 28.Qxc3 Ng7 29.Ba3 Nf5 
30.Nxf5 gxf5 31.Qb4 Qd7 32.Qxe7+ Qxe7 33.Bxe7 Rfe8 
34.Ba3 Bg7 35.Rbc1 Bf8 36.Bxf8 Rgxf8 37.Rc3 Kg7 
38.b4 a6 39.Rfc1 Re6 40.a4 Kf7 41.b5 axb5 42.axb5 
Rc8 43.bxc6 bxc6 44.R3c5 Ke7 45.Rxd5 cxd5 46.Rxc8 
Ra6 47.Rc2 h5 48.h3 Ra1 49.Rd2 Re1 50.g4 hxg4 
51.hxg4 fxg4 52.f5 Re3 53.f6+ Ke6 54.Rf2 Kf7 
55.Rf4 Re4 56.Kg3 Re1 57.Kxg4 1-0

[Event "HCL-B3733"]
[Site "www.playchess.de"]
[Date "2006.03.15"]
[Round "3"]
[White "janaj"]
[Black "karpova"]
[WhiteElo "1163"]
[BlackElo "1519"]
[PlyCount "134"]
[Result "0-1"]

1.c4 g6 2.g3 Bg7 3.Bg2 c6 4.Nf3 Nf6 5.O-O d5 
6.cxd5 cxd5 7.d3 O-O 8.Nbd2 Nc6 9.a3 e5 10.h3 Re8 
11.e3 e4 12.Ne1 exd3 13.Nxd3 Bf5 14.Nc5 b6 15.Ncb3 
Qd7 16.Kh2 Ne5 17.Nd4 Bd3 18.Rg1 Rac8 19.N2f3 
Nxf3+ 20.Bxf3 Bf5 21.Nxf5 Qxf5 22.Bd2 Ne4 23.Bxe4 
dxe4 24.Qe1 Bxb2 25.Ra2 Be5 26.a4 Qe6 27.Qb1 Red8 
28.a5 Bc7 29.Bb4 Rcb8 30.Qc2 Rdc8 31.Qd2 Rcd8 
32.Qc2 Rd7 33.Bc3 bxa5 34.Bd4 Bb6 35.Bxb6 axb6 
36.Rb1 Rdb7 37.Ra4 f5 38.Qb3 Qxb3 39.Rxb3 Kf7 
40.Rb5 Ke6 41.Rd4 Rc8 42.Kg2 Rc2 43.h4 h5 44.Kf1 
Ra2 45.Rdd5 a4 46.Rde5+ Kf6 47.Red5 Ke6 48.Rd4 a3 
49.Ra4 Kd6 50.Ra6 Kc6 51.Re5 Ra1+ 52.Kg2 Rd7 
53.Ra4 Rd2 54.Rc4+ Kb7 55.Re7+ Ka6 56.Re5 a2 
57.Ra4+ Kb7 58.Re7+ {(offering draw)}  Kc6 59.Re5 
Rb1 60.Re6+ Kb5 61.Ra8 a1Q 62.Rxa1 Rxa1 63.Rxg6 
Raa2 64.Rg5 Rdxf2+ 65.Kg1 Ka6 66.Rxh5 f4 67.gxf4 
Rfd2 0-1

[Event "HCL-C3995"]
[Site "www.playchess.de"]
[Date "2006.03.15"]
[Round "16"]
[White "Doc"]
[Black "Thrustnicely"]
[WhiteElo "1090"]
[BlackElo "1053"]
[PlyCount "78"]
[Result "0-1"]

1.e4 e5 {On a Chess team ! - sounds like trouble 
for poor old thrust .....}  2.Nf3 {I wouldn't 
worry about it; that was 38 years ago.Although I 
am on yeams now in both GameKnot and Chess World.} 
 f6 3.Bc4 d6 4.d3 c6 5.Nc3 b5 6.Bxg8 Rxg8 7.Be3 
Qa5 8.O-O Bg4 9.Qe2 g5 10.h3 Bxf3 11.Qxf3 Nd7 
12.Qh5+ Ke7 13.Qxh7+ Rg7 14.Qf5 d5 15.exd5 b4 
16.Qe6+ Kd8 17.dxc6 bxc3 18.cxd7 Be7 19.b3 Qc7 
20.Qd5 Rb8 21.a4 Qxd7 22.Qxd7+ Kxd7 23.Rfd1 g4 
24.h4 f5 25.g3 f4 26.gxf4 g3 27.fxe5 gxf2+ 28.Kxf2 
Bxh4+ 29.Kf1 Rf8+ 30.Ke2 Rg2+ {Did i mention i was 
born lucky ?}  31.Bf2 {No. Whish you would have 
:-)}  Rfxf2+ {lol}  32.Ke3 Ke6 33.Rdh1 Bg5+ 34.Kd4 
Bd2 35.Rh7 Rg4+ 36.Kc5 Be3+ 37.Kc6 Kxe5 38.Re1 Rg3 
39.Rxa7 Rxc2 0-1

[Event "HCL-C4158"]
[Site "www.playchess.de"]
[Date "2006.03.15"]
[Round "10"]
[White "aidogael"]
[Black "Opps"]
[WhiteElo "1135"]
[BlackElo "1053"]
[PlyCount "55"]
[Result "1-0"]

1.e4 e5 2.Nf3 Nc6 3.Bc4 Nf6 4.O-O d6 5.d4 Nxe4 
6.dxe5 Na5 7.Bd5 Nc5 8.exd6 c6 9.Re1+ Ne6 10.Bxe6 
Bxe6 11.Ng5 Kd7 12.Nxe6 fxe6 13.Bf4 Qf6 14.Qe2 Re8 
15.Be5 Qg6 {Welcome back :)}  16.Nc3 b5 17.Nxb5 
Rb8 18.Nxa7 Nb7 19.Qa6 Qxc2 20.Rac1 Nc5 21.Qxc6+ 
Kd8 22.Rxc2 Nd7 23.Qc7+ Ke8 24.Qc4 Ra8 25.Qxe6+ 
Kd8 26.Nc6+ Kc8 27.Nb8+ Kd8 28.Qxd7+ 1-0

[Event "HCL-A2642"]
[Site "www.playchess.de"]
[Date "2006.03.15"]
[Round "10"]
[White "lunchpail"]
[Black "serjo"]
[WhiteElo "1444"]
[BlackElo "1600"]
[PlyCount "50"]
[Result "0-1"]

1.d4 {hello. have a good game.}  d5 2.Nf3 c5 3.e3 
Nc6 4.c3 c4 5.Nbd2 g6 6.b3 b5 7.a4 b4 8.cxb4 Nxb4 
9.bxc4 Qc7 10.c5 Bg7 11.Ba3 Nc6 12.Bd3 e5 13.Bb5 
Nge7 14.O-O O-O 15.Nb3 Bg4 16.h3 Bxf3 {nice to 
play with you.you are fast
}  17.Qxf3 {:-)   you, too}  exd4 18.Bxc6 Qxc6 
19.exd4 Rab8 20.Rfd1 Qxa4 21.Rdb1 Bxd4 22.Nxd4 
Qxd4 23.c6 Rxb1+ 24.Rxb1 Re8 25.Qf6 
Qxf6 0-1

[Event "HCL-E1591"]
[Site "www.playchess.de"]
[Date "2006.03.15"]
[Round "4"]
[White "pawnstorm"]
[Black "Maahinen"]
[WhiteElo "1534"]
[BlackElo "1736"]
[PlyCount "60"]
[Result "0-1"]

1.e4 c6 2.d4 d5 3.exd5 cxd5 4.Bd3 Nc6 5.c3 Nf6 
6.Bf4 Bg4 7.Nf3 e6 8.O-O Bd6 9.Bxd6 Qxd6 10.Nbd2 
O-O 11.h3 Bh5 12.Qc2 Rac8 13.a3 Rfe8 14.Rae1 Qb8 
15.Ne5 Nxd4 16.Qb1 Nc6 17.Nxc6 bxc6 18.b4 c5 
19.Re3 c4 20.Bc2 Red8 21.Nf3 Bxf3 22.Rxf3 d4 
23.cxd4 Rxd4 24.Rc3 Rcd8 25.Qa2 Qc7 26.Rc1 Nd5 
27.Rg3 Nf4 28.Kf1 R4d2 29.Qb2 Nh5 30.Rg5 
Qh2 0-1

[Event "HCL-T268"]
[Site "www.playchess.de"]
[Date "2006.03.15"]
[Round "3"]
[White "Maahinen"]
[Black "wbaldan"]
[WhiteElo "1744"]
[BlackElo "1701"]
[PlyCount "37"]
[Result "1-0"]

1.d4 d5 2.c4 Nc6 3.e3 e5 4.dxe5 d4 5.a3 Bf5 6.Nf3 
d3 7.Nc3 f6 8.e4 Bg4 9.exf6 Nxf6 10.Be3 Ne5 
11.Qa4+ Bd7 12.Qb3 Nxf3+ 13.gxf3 Bc6 14.O-O-O Bd6 
15.c5 Be5 16.Rxd3 Qe7 17.Bh3 b6 18.Rhd1 Bxc3 
19.Qxc3 1-0

[Event "HCL-A2622"]
[Site "www.playchess.de"]
[Date "2006.03.15"]
[Round "14"]
[White "Wernswig"]
[Black "sundfar"]
[WhiteElo "1411"]
[BlackElo "1365"]
[PlyCount "51"]
[Result "1-0"]

1.e4 {heia norge, good luck to you}  e5 {hello and 
good luck}  2.f4 Nc6 3.Nf3 exf4 4.Bc4 d6 5.d3 Bg4 
6.Bxf4 Qf6 7.Bg3 Nd4 8.Nbd2 O-O-O 9.O-O d5 10.Bxd5 
Bc5 11.Kh1 Nxf3 12.Nxf3 Ne7 13.Bc4 h5 14.Rb1 g5 
15.Qe1 h4 16.Nxh4 Qh6 17.Nf3 Bd6 18.Bxd6 Rxd6 
19.Qg3 Bd7 20.Qxg5 Qf8 21.Ne5 f6 22.Nxd7 Rxd7 
23.Rxf6 Qd8 24.Be6 Ng8 25.Bxd7+ Qxd7 
26.Rf8+ 1-0

[Event "HCL-A2601"]
[Site "www.playchess.de"]
[Date "2006.03.15"]
[Round "8"]
[White "dynamike"]
[Black "Jule"]
[WhiteElo "1462"]
[BlackElo "1362"]
[PlyCount "83"]
[Result "1-0"]

1.d4 c5 2.d5 Nf6 3.c4 g6 4.Nc3 Bg7 5.e4 d6 6.h3 
O-O 7.Nf3 Nbd7 8.Be2 a6 9.Be3 Re8 10.O-O e6 
11.dxe6 Rxe6 12.Ng5 Re8 13.Qxd6 h6 14.Nf3 Nxe4 
15.Nxe4 Rxe4 16.Bd3 Re6 17.Qf4 Nf6 18.Rad1 Qe7 
19.b3 Nh5 20.Qh2 Bd7 21.g4 Nf6 22.Qg3 Bc6 23.h4 
Rd8 24.g5 Nh5 25.Qg4 hxg5 26.Nxg5 Rf6 27.Nh3 Bf3 
28.Qg5 Bxd1 29.Rxd1 Qe6 30.Qg2 Qb6 31.Bg5 Qe6 
32.Bxf6 Qxf6 33.Ng5 Kh8 34.Qxb7 Kg8 35.Qf3 Nf4 
36.Kh2 Nxd3 37.Rxd3 Rxd3 38.Qxd3 Qxf2+ 39.Kh3 Qxa2 
40.Qf3 f6 41.Qd5+ Kh8 42.Qd8+ {Nu ist der Drops 
gelutscht}  1-0

[Event "ACL-A659"]
[Site "www.playchess.de"]
[Date "2006.03.15"]
[Round "3"]
[White "Shevarnadse"]
[Black "M_L"]
[WhiteElo "1706"]
[BlackElo "1877"]
[PlyCount "56"]
[Result "0-1"]

1.d4 d5 2.c4 c6 3.e3 Nf6 4.Nf3 e6 5.Bd3 dxc4 
6.Bxc4 b5 7.Bd3 a6 8.O-O c5 9.a4 b4 10.Nbd2 Bb7 
11.Qc2 cxd4 12.Nxd4 Nbd7 13.Nc4 Rc8 14.Qe2 Be7 
15.Nb3 Be4 16.Bxe4 Nxe4 17.Rd1 Qc7 18.Ncd2 Nec5 
19.Nxc5 Nxc5 20.Qg4 O-O 21.Qxb4 Rfd8 22.Qg4 Nd3 
23.Nf1 Nxc1 24.Raxc1 Qxc1 25.Rxc1 Rxc1 26.Qe2 a5 
27.f4 Rdd1 28.Kf2 Rdxf1+ 0-1

[Event "HCL-A2494"]
[Site "www.playchess.de"]
[Date "2006.03.15"]
[Round "20"]
[White "Jule"]
[Black "kali"]
[WhiteElo "1432"]
[BlackElo "1456"]
[PlyCount "104"]
[Result "0-1"]

1.e4 {Und weiter geht ´s schon wieder hier. Viel 
Spass dabei}  e5 {Die Anzahl der Spieler ist halt 
klein...}  2.Nf3 {Klein vielleicht nur, wenn es um 
dieses Turnier geht. Möchte nicht wissen, wieviel 
"verrückte Schachfreaks" hier sich austoben.}  Nc6 
{Weniger als bei IECG...}  3.Bc4 {du scheinst ja 
"fleissig" unterwegs zu sein, wenn es um 
Schachadressen im Interent geht. Nicht schlecht}  
Nf6 {Nicht unbedingt, ich spiele seit 10 Jahre bei 
IECG und bin dort auch als "Funktionär" aktiv...}  
4.d3 {Wird ja immer "besser". Fehlt noch der 
"Dienstwagen Ente", der dich per Chauffeur von A 
nach B transportiert.Grins.Aber 10 Jahre sind ja 
auch nicht gerade wenig Zeitspanne.}  Bc5 {Auf dem 
Internet brauche ich keinen Dienstwagen, aber 
vielleicht einen GM?!}  5.h3 {Auch nicht schlecht 
diese Idee. Kann man mit Sicherheit auch beim 
"Consul" kaufen.}  O-O {Gibst Du mir die Adresse?} 
 6.O-O {Kein Problem. Sitzt und lebt in Rio de 
Jaineiro. Da kannst du ja schon mal anfangen, das 
Telefonbuch zu wälzen. Macht es mir noch 
einfacher, oder?}  a6 7.c3 b5 8.Bd5 Bb7 9.Bxc6 
Bxc6 10.Nxe5 Bb7 11.Bf4 d6 12.Nf3 Bb6 13.Nbd2 c5 
14.Bg5 h6 15.Bh4 Qe7 16.Re1 Bd8 17.e5 dxe5 18.Rxe5 
Qd6 19.Re1 Nh5 20.Bxd8 Raxd8 21.Re3 Nf4 22.Nb3 c4 
23.Nbd4 Nxd3 24.Nf5 Qf6 25.N3d4 Bc8 26.Ne7+ Kh8 
27.Nxc8 Rdxc8 28.Qc2 Rce8 29.Qd2 Re7 30.Rf3 Qb6 
31.Nf5 Rd7 32.Re3 Rfd8 33.Nd4 Qf6 34.Rf3 Qg6 
35.Qe2 Kg8 36.Qd2 Kh7 37.Rb1 Ne5 38.Rg3 Qxb1+ 
39.Kh2 Nc6 40.Qc2+ Qxc2 41.Nxc2 R7d2 42.Ne3 Rxf2 
43.Ng4 Rxb2 44.h4 Rxa2 45.Rf3 f6 46.Kh3 Rdd2 47.g3 
h5 48.Nf2 Rdxf2 49.Rxf2 Rxf2 50.g4 hxg4+ 51.Kxg4 
Kh6 52.h5 Rc2 0-1

[Event "HCL-E1597"]
[Site "www.playchess.de"]
[Date "2006.03.15"]
[Round "4"]
[White "badplayer"]
[Black "Sobral"]
[WhiteElo "1610"]
[BlackElo "1484"]
[PlyCount "60"]
[Result "0-1"]

1.e4 {What U again?:-))}  c5 {Yes,me again. I hope 
we can have another good game. How do you evaluate 
our previous matches}  2.Nf3 {I too hope the same 
way but also hope the result will be different 
this time. I play for fun only and do not get time 
to evaluate history. :-!}  Nc6 3.d4 cxd4 4.Nxd4 
Nf6 5.Nc3 d6 6.Be3 g6 7.Qd2 Bg7 8.f3 O-O 9.Bc4 Ne5 
10.Bb3 Bd7 11.O-O Nc6 12.Nce2 Na5 13.Kh1 Nxb3 
14.axb3 a6 15.Nc3 Rc8 16.Rad1 b5 17.Nde2 Qc7 
18.Rdc1 Rfd8 19.Nf4 Bc6 20.Rcb1 e6 21.Rfc1 Nd7 
22.Qf2 Bf8 23.Nce2 Qb7 24.c3 e5 25.Nh3 Nc5 26.b4 
Nd3 27.Qh4 Nxc1 28.Rxc1 f5 29.Nf2 f4 30.Bd2 
d5 0-1

[Event "HCL-A2645"]
[Site "www.playchess.de"]
[Date "2006.03.15"]
[Round "31"]
[White "shadow_cup"]
[Black "BR_Hort"]
[WhiteElo "1452"]
[BlackElo "2202"]
[PlyCount "31"]
[Result "1/2-1/2"]

1.e3 {Have a good game}  Nf6 {u2}  2.Nf3 d5 3.c4 
e6 4.a3 c5 5.Nc3 Nc6 6.cxd5 Nxd5 7.Bb5 Nxc3 
8.Bxc6+ bxc6 9.dxc3 Qxd1+ 10.Kxd1 f6 11.Kc2 e5 
12.e4 c4 13.Be3 Be7 14.Nd2 Be6 15.h3 Kf7 16.f3 
{(offering draw)}  1/2-1/2

[Event "HCL-A2605"]
[Site "www.playchess.de"]
[Date "2006.03.15"]
[Round "4"]
[White "Deep_Trouble"]
[Black "Crusaders"]
[WhiteElo "1653"]
[BlackElo "1554"]
[PlyCount "58"]
[Result "1/2-1/2"]

1.d4 {Guten tag. Wie geht es ihnen?}  d5 {Danke 
der Nachfrage und ich hoffe Ihnen geht es auch gut 
!?}  2.Nf3 Nf6 3.Bg5 Nbd7 4.Nbd2 e6 5.e4 dxe4 
6.Nxe4 Be7 7.Bd3 O-O 8.O-O Nxe4 9.Bxe7 Qxe7 
10.Bxe4 Nf6 11.Bd3 Rd8 12.c3 b6 13.Re1 Bb7 14.Qe2 
c5 {(offering draw)}  15.dxc5 {Too early for a 
draw.}  bxc5 16.Rad1 Rd6 17.Bc2 Rad8 18.Rxd6 Rxd6 
19.Rd1 Qd7 20.Ne5 Rxd1+ 21.Qxd1 Qd5 22.Qxd5 exd5 
23.f3 Kf8 24.Kf2 Ke7 25.Ke3 h6 26.b3 Ke6 27.Nd3 
Kd6 28.Nf2 a5 29.Kd2 Bc6 {(offering draw)} 
 1/2-1/2

[Event "HCL-C4213"]
[Site "www.playchess.de"]
[Date "2006.03.15"]
[Round "21"]
[White "chimiel"]
[Black "Skipper_Robert"]
[WhiteElo "1149"]
[BlackElo "891"]
[PlyCount "80"]
[Result "0-1"]

1.e4 e5 2.Nf3 Nc6 3.Bc4 d6 4.h3 Nf6 5.d3 d5 6.Bxd5 
Nxd5 7.exd5 Qxd5 8.Nc3 Qd7 9.O-O Be7 10.Qe2 f6 
11.b3 Qd6 12.Nb5 Qd8 13.Bb2 a6 14.Nc3 Be6 15.Ne4 
b6 16.Rad1 Qd7 17.d4 Qc8 18.dxe5 Bxh3 19.gxh3 Qxh3 
20.Nh2 Nxe5 21.Bxe5 fxe5 22.Ng3 Bd6 23.Qh5+ Qxh5 
24.Nxh5 Rg8 25.Nf3 O-O-O 26.Ng5 Rdf8 27.Ng3 h6 
28.Ne6 Rf6 29.Nxc7 Bxc7 30.Rfe1 Rgf8 31.Ne4 Rg6+ 
32.Kf1 h5 33.Re3 h4 34.Rh3 Rg4 35.f3 Rxe4 36.Rd2 
g5 37.Kg2 Ref4 38.Rd3 e4 39.Re3 exf3+ 40.Rexf3 
g4 0-1

[Event "ACL-A660"]
[Site "www.playchess.de"]
[Date "2006.03.15"]
[Round "3"]
[White "RUDI"]
[Black "Palhares"]
[WhiteElo "1500"]
[BlackElo "1820"]
[PlyCount "38"]
[Result "0-1"]

1.c4 {Hello and Hola!}  e5 {hello and good game}  
2.Nc3 Nf6 3.d4 Nc6 4.d5 Ne7 5.e3 Ng6 6.Bd3 Bc5 
7.Nge2 O-O 8.O-O d6 9.Ng3 a5 10.f4 exf4 11.Nf5 
Bxf5 12.Bxf5 Qe7 13.Re1 Qe5 14.Bxg6 fxg6 15.Kh1 
fxe3 16.Qe2 Rae8 17.Nd1 h5 18.Rf1 Ng4 19.a3 
Qxh2+ 0-1

[Event "HCL-A2652"]
[Site "www.playchess.de"]
[Date "2006.03.15"]
[Round "10"]
[White "wbaldan"]
[Black "KDHB"]
[WhiteElo "1702"]
[BlackElo "1700"]
[PlyCount "45"]
[Result "1-0"]

1.d4 d5 2.c4 c6 3.Nc3 e6 4.e3 Nf6 5.a3 Nbd7 6.Nf3 
Be7 7.Bd3 O-O 8.Bd2 h6 9.Qe2 Re8 10.O-O-O Qc7 
11.Rdg1 e5 12.dxe5 Nxe5 13.Nxe5 Qxe5 14.f4 Qc7 
15.g4 d4 16.Nd1 b5 17.g5 hxg5 18.fxg5 dxe3 19.Bc3 
bxc4 20.Bc2 Qd6 21.gxf6 Bxf6 22.Qh5 Kf8 
23.Bb4 1-0

[Event "HCL-A2652"]
[Site "www.playchess.de"]
[Date "2006.03.15"]
[Round "7"]
[White "KDHB"]
[Black "deepgreen"]
[WhiteElo "1700"]
[BlackElo "1700"]
[PlyCount "35"]
[Result "0-1"]

1.d4 {hallo, deepgreen 
}  d5 2.Nf3 Nf6 3.e3 e6 4.Nbd2 Nc6 5.c3 Bd6 6.Bd3 
O-O 7.Qe2 Bd7 8.O-O a6 9.e4 dxe4 10.Nxe4 Nxe4 
11.Qxe4 f5 12.Qh4 Qxh4 13.Nxh4 h6 14.Re1 e5 15.Ng6 
Rfe8 16.Bc4+ Kh7 17.Bf7 exd4 18.Bxe8 0-1

[Event "HCL-E1545"]
[Site "www.playchess.de"]
[Date "2006.03.15"]
[Round "15"]
[White "Josef"]
[Black "kaktus35"]
[WhiteElo "1625"]
[BlackElo "1736"]
[PlyCount "82"]
[Result "1/2-1/2"]

1.d4 d5 {good luck fron germany}  2.c4 {viel glück 
aus österreich}  e6 {danke wünsche eine 
interessante partie :-)}  3.Nf3 Nf6 4.Bg5 Be7 5.e3 
O-O 6.Nc3 a6 7.cxd5 exd5 8.Bd3 Bg4 9.O-O c6 10.h3 
Bh5 11.Be2 Nbd7 12.Qb3 Qb6 13.Qxb6 Nxb6 14.g4 Bg6 
15.Ne5 Rfe8 16.Rfd1 Nfd7 17.Nxd7 Nxd7 18.Bxe7 Rxe7 
19.Kg2 Rae8 20.Bd3 R7e6 21.Bxg6 Rxg6 22.Ne2 Rge6 
23.Nf4 R6e7 24.Rac1 Nf6 25.Nd3 Nd7 26.Nc5 
{(offering draw)}  Nxc5 27.Rxc5 g5 28.a4 Kg7 29.a5 
Kg6 30.Kg3 f5 31.gxf5+ Kxf5 32.Rg1 h5 33.Kf3 Rf8 
34.Rcc1 Ref7 35.Rg2 Kg6+ 36.Ke2 Kf5 37.Rcg1 Rg8 
38.f3 Re7 39.Kd3 Kf6 40.b4 Rge8 41.Re2 Kf5 
{(offering draw)}  1/2-1/2

[Event "HCL-C4193"]
[Site "www.playchess.de"]
[Date "2006.03.15"]
[Round "14"]
[White "Talisman77"]
[Black "willi_weizenkeim"]
[WhiteElo "1203"]
[BlackElo "1034"]
[PlyCount "53"]
[Result "1-0"]

1.d4 {Hi}  b6 {hi, hello,... have fun !}  2.e4 e6 
3.Nc3 Bb7 4.Bf4 Bb4 5.Qd3 Nf6 6.f3 O-O 7.O-O-O c5 
8.Nge2 d6 9.e5 Nd5 10.dxc5 dxc5 11.Ne4 Nc6 12.Rg1 
Nxf4 13.Nxf4 Nxe5 14.Qe2 Qh4 15.g3 Qe7 16.Nd3 
Nxd3+ 17.Rxd3 Ba6 18.Qe3 Bxd3 19.Bxd3 Rad8 20.Rd1 
f5 21.Ng5 c4 22.Bxc4 Rxd1+ 23.Kxd1 Qd6+ 24.Kc1 
Bd2+ 25.Qxd2 Rd8 26.Bxe6+ Kh8 27.Nf7+ 1-0

[Event "HCL-E1551"]
[Site "www.playchess.de"]
[Date "2006.03.15"]
[Round "1"]
[White "fosca"]
[Black "Eishockeytorwart"]
[WhiteElo "2100"]
[BlackElo "1949"]
[PlyCount "38"]
[Result "0-1"]

1.d4 d5 {wilkomen aus Mönchengladbach}  2.c4 dxc4 
3.Nf3 c6 4.e4 b5 5.a4 Bb7 6.b3 cxb3 7.axb5 c5 8.d5 
e6 9.Bc4 Nf6 10.Nc3 exd5 11.exd5 Bd6 12.O-O O-O 
13.Qxb3 Nbd7 14.Bg5 Qc7 15.Ra2 Ng4 16.h3 Nh2 
17.Nxh2 Bxh2+ 18.Kh1 Bd6 19.Rfa1 
Nb6 0-1

[Event "HCL-C4190"]
[Site "www.playchess.de"]
[Date "2006.03.15"]
[Round "13"]
[White "Skipper_Robert"]
[Black "mudelta"]
[WhiteElo "963"]
[BlackElo "1189"]
[PlyCount "54"]
[Result "0-1"]

1.e4 e5 2.Nf3 Nc6 3.Bc4 h6 4.d3 b6 5.Nc3 Bb7 6.Be3 
Nf6 7.h3 Bb4 8.O-O Qe7 9.Qd2 O-O-O 10.a3 Bxc3 
11.Qxc3 g5 12.b4 Nb8 13.Nxe5 d5 14.Bb3 dxe4 15.d4 
Nbd7 16.f4 gxf4 17.Bxf4 Nxe5 18.dxe5 Nh5 19.Bh2 
Rhg8 20.e6 fxe6 21.Bxe6+ Kb8 22.Bxg8 Rxg8 23.Rad1 
e3 24.Rde1 Rxg2+ 25.Kh1 Rxc2+ 26.Kg1 Qg5+ 27.Bg3 
Qxg3+ 0-1

[Event "HCL-B3852"]
[Site "www.playchess.de"]
[Date "2006.03.15"]
[Round "1"]
[White "ama49"]
[Black "Mauro_R_Santos"]
[WhiteElo "1194"]
[BlackElo "1627"]
[PlyCount "79"]
[Result "1-0"]

1.e4 {Greetings from Scotland}  e5 2.Nf3 Qf6 3.Nc3 
g5 4.d4 Nc6 5.dxe5 Nxe5 6.Bxg5 Nxf3+ 7.Qxf3 Qxg5 
8.h4 Qf6 9.Be2 Qc6 10.O-O-O Nf6 11.e5 Ne4 12.Qxe4 
Bh6+ 13.Kb1 d5 14.Qxd5 Be6 15.Qxc6+ bxc6 16.Bf3 
O-O 17.Bxc6 Rab8 18.Bd7 Rfd8 19.Bxe6 fxe6 20.Ne4 
Bg7 21.Ng5 Bxe5 22.Nxe6 Rxb2+ 23.Kc1 Rdb8 24.Rd8+ 
Kf7 25.Ng5+ Ke7 26.Rxb8 Rxb8 27.Nxh7 Bb2+ 28.Kd1 
Ba3 29.Re1+ Kd6 30.Ng5 Rb1+ 31.Ke2 Rb5 32.Rd1+ Ke5 
33.Nf3+ Kf5 34.Nd4+ Ke4 {(offering draw)}  35.Nxb5 
{dream on!!}  c6 36.Nxa7 Bc5 37.Nxc6 Ba3 38.h5 Bc5 
39.h6 Ba3 40.h7 1-0

[Event "HCL-C4030"]
[Site "www.playchess.de"]
[Date "2006.03.15"]
[Round "18"]
[White "Grunert"]
[Black "alauddin"]
[WhiteElo "909"]
[BlackElo "954"]
[PlyCount "80"]
[Result "0-1"]

1.e4 e5 2.d3 Nc6 3.Nf3 Bc5 4.g3 Qf6 5.Bg2 d6 6.Nc3 
Be6 7.O-O O-O-O 8.Bd2 Nh6 9.Bxh6 Qxh6 10.d4 exd4 
11.Ne2 Bh3 12.Bxh3+ Qxh3 13.Nf4 Qg4 14.Nd5 Qxe4 
15.c4 Nb4 16.Nxb4 Bxb4 17.Nxd4 Bc5 18.Ne2 Bb4 
19.b3 d5 20.cxd5 Rhe8 21.Nf4 g5 22.Ng2 Rxd5 23.Qh5 
g4 24.Qxf7 h5 25.Nh4 Bc3 26.Rac1 Rd3 27.Rfd1 Rxd1+ 
28.Rxd1 b6 29.Qxh5 Qe2 30.Rf1 Be1 31.Ng2 Bd2 
32.Qf5+ Kb8 33.Qd7 Rf8 34.Nf4 Bxf4 35.gxf4 Qf3 
36.Re1 Qxf4 37.Qc6 Qxf2+ 38.Kh1 Qxe1+ 39.Kg2 Qf2+ 
40.Kh1 Qf1+ 0-1

[Event "HCL-C4148"]
[Site "www.playchess.de"]
[Date "2006.03.15"]
[Round "30"]
[White "Idris"]
[Black "Mercator"]
[WhiteElo "844"]
[BlackElo "1066"]
[PlyCount "58"]
[Result "0-1"]

1.e4 c5 {Hello again, good luck}  2.Bc4 {Hello}  
d6 3.Qf3 e6 4.Nh3 Nf6 5.d3 a6 6.Bf4 Nc6 7.Ng5 Be7 
8.Nc3 Nd4 9.Qd1 h6 10.Nh3 O-O 11.Qd2 b5 12.Bxh6 
gxh6 13.Qxh6 Nxc2+ 14.Kd2 Nxa1 15.Rxa1 bxc4 16.Nf4 
cxd3 17.e5 dxe5 18.Ng6 Nh7 19.Ne4 Bg5+ 20.Nxg5 
Qxg5+ 21.Qxg5 Nxg5 22.Ne7+ Kg7 23.Kxd3 Rd8+ 24.Kc4 
Bb7 25.Kxc5 Rd7 26.Nc6 Rc8 27.Kb6 Rxc6+ 28.Ka7 
Ba8+ 29.Kb8 Rcc7 0-1

[Event "HCL-C4174"]
[Site "www.playchess.de"]
[Date "2006.03.15"]
[Round "3"]
[White "klm"]
[Black "nichju"]
[WhiteElo "1101"]
[BlackElo "1049"]
[PlyCount "72"]
[Result "1-0"]

1.e4 {Hallo und guten Abend! Ich wünsche uns ein 
schönes Spiel!}  e5 {Grüße aus Hessen.}  2.Nf3 d6 
3.Bc4 Nf6 4.d3 Be7 5.Ng5 O-O 6.Nc3 Nc6 7.Nd5 Nxd5 
8.Bxd5 Bxg5 9.Bxc6 bxc6 10.a4 d5 11.exd5 cxd5 
12.c3 f5 13.Bxg5 Qxg5 14.O-O f4 15.Qf3 Be6 16.Rae1 
Rf6 17.Kh1 Rh6 18.h3 Bg4 19.Qxd5+ Kf8 20.Rxe5 Qd8 
21.f3 Qxd5 22.Rxd5 Be6 23.Rc5 Bf5 24.Rxf5+ Ke7 
25.Rxf4 g5 26.Rc4 Rc8 27.Re1+ Kd6 28.d4 Rg6 29.b4 
Kd5 30.Rc5+ Kd6 31.b5 Kd7 32.Rf5 c6 33.Rf7+ Kd6 
34.b6 axb6 35.Rxh7 Ra8 36.Ree7 
Re6 1-0

[Event "HCL-A2636"]
[Site "www.playchess.de"]
[Date "2006.03.15"]
[Round "3"]
[White "Josef1901"]
[Black "bossjos"]
[WhiteElo "1609"]
[BlackElo "1253"]
[PlyCount "21"]
[Result "1-0"]

1.d4 f5 2.c4 d6 3.Nc3 Nf6 4.Nf3 g6 5.g3 Bg7 6.Bg2 
O-O 7.O-O Nc6 8.Bf4 Qe8 9.d5 Nd8 10.Nb5 a6 
11.Nxc7 1-0

[Event "HCL-A2581"]
[Site "www.playchess.de"]
[Date "2006.03.15"]
[Round "18"]
[White "victorabiodun03"]
[Black "kan_selv"]
[WhiteElo "1357"]
[BlackElo "2115"]
[PlyCount "78"]
[Result "0-1"]

1.e4 e6 2.d3 d5 3.Nd2 c5 4.Ngf3 Nf6 5.g3 Nc6 6.Bg2 
Be7 7.O-O O-O 8.Re1 Qc7 9.Nf1 dxe4 10.dxe4 Rd8 
11.Qe2 e5 12.c3 Be6 13.Bg5 a6 14.Bxf6 Bxf6 15.Ne3 
b5 16.b3 Rd6 17.c4 Nd4 18.Nxd4 cxd4 19.Nd5 Qc5 
20.Rac1 Bg5 21.f4 d3+ 22.Qf2 Qxf2+ 23.Kxf2 exf4 
24.Rcd1 d2 25.Re2 fxg3+ 26.hxg3 bxc4 27.bxc4 Rc8 
28.Rexd2 Bxd2 29.Rxd2 Kf8 30.Bf1 Re8 31.Bd3 f5 
32.Kf3 fxe4+ 33.Bxe4 Bg4+ 34.Kf4 g5+ 35.Kxg4 Rxe4+ 
36.Kxg5 Rxc4 37.Rf2+ Kg7 38.Ne7 h6+ 39.Kf5 
Rf6+ 0-1